000 00684nam a2200241 i 4500
001 C2-0338767
003 PPAK
005 20180728141029.0
008 161116s2015 my |||| ||||| | may d
020 _a9789674306557
040 _aPPAK
_beng
_cPPAK
_erda
082 0 4 _a899.233
_223
090 0 0 _a899.233
_bISM
_dG
100 0 _aIsmi' Nailofar,
_d1978-
_eauthor
245 1 0 _aMencabik mendung di langit kelabu
264 1 _aKuala Lumpur :
_bInstitut Terjemahan & Buku Malaysia Berhad ,
_c2015
300 _a251 pages ;
_c18 cm
336 _2rdacontent
_atext
337 _2rdamedia
_aunmediated
338 _2rdacarrier
_avolume
650 1 0 _aMalay fiction.
942 _ddc
_cB
999 _c136060
_d136060